La ética: arte de vivir 1. La alegría de ser una persona con dignidad
Gardado en:
| Autor Principal: | |
|---|---|
| Formato: | Libro |
| Idioma: | Lingua castelá |
| Publicado: |
Bogotá
Instituto Misionero Hijas de San Pablo
2001
Bogotá Paulinas 2001 |
| Series: | Talleres para Formación en valores, 1
|
| Subjects: | |
| Tags: |
Engadir etiqueta
Sen Etiquetas, Sexa o primeiro en etiquetar este rexistro!
|
MARC
| LEADER | 00000nam a2200000 a 4500 | ||
|---|---|---|---|
| 001 | UCL4888 | ||
| 003 | CL-VaPUC | ||
| 008 | 040227e20010000ck |||||||||||||||||spa|d | ||
| 020 | |a 9586690466 | ||
| 082 | 0 | 4 | |a 370.114 |b CAN |2 21 |
| 100 | 0 | |a Cano, Betuel |e author |9 482590 | |
| 245 | 1 | 3 | |a La ética: arte de vivir 1. La alegría de ser una persona con dignidad |
| 300 | |a 174 p | ||
| 942 | |c BK | ||
| 945 | |d 20040227 00:00:00 |a cmena | ||
| 260 | |a Bogotá |b Instituto Misionero Hijas de San Pablo |c 2001 | ||
| 260 | |a Bogotá |b Paulinas |c 2001 | ||
| 650 | 0 | |a Educación moral |9 308319 | |
| 650 | 0 | |a Ética |9 255099 | |
| 650 | 0 | |a Métodos de enseñanza |9 270413 | |
| 650 | 0 | |a Virtud y vicio |9 310637 | |
| 583 | |a last modification |c 20171114 04:25:58 |k Rodrigo Vera | ||
| 490 | 0 | |a Talleres para Formación en valores, 1 | |
| 999 | |c 307643 |d 307641 | ||
| 952 | |0 0 |1 0 |4 0 |6 370_114000000000000_CAN_2001_2001 |7 0 |8 A |9 373687 |a BIBEDU |b BIBEDU |d 2019-11-21 |i 3986616 |o 370.114 CAN 2001 2001 |p 3986616 |r 2019-11-21 |w 2019-11-21 |y BK |k PAR | ||